00308nam a2200109Ia 4500008004100000041000800041082002100049100001700070245006400087260003800151300000900189230519s9999 xx 000 0 und d aeng aX/891/YED/DB0076 aYedekar Sham aBharatiy Swatantra Ladhyatil Striyanche Yogdan -Maharashtra bRajhans PrakashanaKolhapurc2007 a435p